Statistics for Rocky Horror Picture Show Film Trivia

Click here to take the quiz!

General Stats

  • This quiz has been taken 52 times
  • The average score is 10 of 15

Answer Stats

HintAnswer% Correct
What is the most famous song from the film?Time Warp
96%
In how many days can Frank make you a man?7
89%
What were Brad and Janet attending before getting stranded?Wedding
85%
Year of film release1975
83%
Galaxy of origin for Frank and his crew.Transylvania
78%
Character whose lips dub the Science Fiction Double Feature opening.Magenta
74%
Character who is dubbed as an ex-delivery boy'Eddie
72%
Fill in the lyric blanks: There's a light over at the ___________ ______Frankenstein Place
67%
Country where the castle filming took place.England
65%
Writer of Rocky Horror and actor featured in the filmRichard O'Brien
65%
Type of dancing displayed by Columbia during her introduction scene.Tap
61%
U.S. President heard speaking on the cars radio.Richard Nixon
52%
Only solo song sung by RockySword of Damocles
39%
Subsequent 1981 film which featured the characters Brad and Janet, and was a box office failure.Shock Treatment
33%
Actress who portrayed Frank in the television film 'The Rocky Horror Picture Show: Let's Do the Time Warp Again'Laverne Cox
26%

Score Distribution

Percentile by Number Answered

Percent of People with Each Score

Your Score History

You have not taken this quiz